[Event "Xativa Murta op 2nd"]
[Site "Xativa"]
[Date "2016.08.27"]
[Round "9"]
[White "Gomez Jurado, Luis Alberto"]
[Black "Garcia Amoros, Pablo"]
[Result "1/2-1/2"]
[WhiteElo "2266"]
[BlackElo "2175"]
[PlyCount "116"]
[EventDate "2016.08.22"]
[EventType "swiss"]
[EventRounds "9"]
[EventCountry "ESP"]
[SourceTitle "CBM 174 Extra"]
[Source "ChessBase"]
[SourceDate "2016.10.10"]
[SourceVersion "1"]
[SourceVersionDate "2016.10.10"]
[SourceQuality "1"]

1. c4 g6 2. g3 Bg7 3. Bg2 d6 4. Nc3 e5 5. e4 Nc6 6. Nge2 f5 7. d3 Nf6 8. Nd5 0-0 9. 0-0 Be6 10. Bg5 Qd7 11. Qd2 fxe4 12. dxe4 Nh5 13. f3 Nd8 14. b3 Nf7 15. Be3 c6 16. Ndc3 Nf6 17. Rfd1 Rfd8 18. Rac1 d5 19. cxd5 cxd5 20. exd5 Nxd5 21. Nxd5 Qxd5 22. Qxd5 Bxd5 23. f4 Bxg2 24. Kxg2 Rxd1 25. Rxd1 Rc8 26. Rc1 Rxc1 27. Nxc1 a6 28. Nd3 exf4 29. Bxf4 Bf8 30. Kf3 Nd8 31. Ke4 Kf7 32. Kd5 Nc6 33. Bd6 Ne7+ 34. Bxe7 Bxe7 35. Nc5 Bg5 36. Nxb7 Be3 37. b4 h5 38. Nc5 g5 39. a4 g4 40. b5 axb5 41. axb5 Bg1 42. b6 Bxh2 43. Ne4 Bg1 44. b7 Ba7 45. Nc5 h4 46. gxh4 g3 47. Ne4 g2 48. Ng5+ Kg6 49. Nh3 Kf5 50. Ng1 Kg4 51. Ke4 Kxh4 52. Kf3 Kg5 53. Kxg2 Kf5 54. Ne2 Ke6 55. Nd4+ Kd7 56. Kf3 Kc7 57. Nb5+ Kxb7 58. Nxa7 Kxa7 1/2-1/2

[Event "Xativa Murta op 2nd"]
[Site "Xativa"]
[Date "2016.08.25"]
[Round "6"]
[White "Gomar Juan, Miguel"]
[Black "Garcia Amoros, Pablo"]
[Result "0-1"]
[WhiteElo "1894"]
[BlackElo "2175"]
[PlyCount "58"]
[EventDate "2016.08.22"]
[EventType "swiss"]
[EventRounds "9"]
[EventCountry "ESP"]
[SourceTitle "CBM 174 Extra"]
[Source "ChessBase"]
[SourceDate "2016.10.10"]
[SourceVersion "1"]
[SourceVersionDate "2016.10.10"]
[SourceQuality "1"]

1. d4 Nf6 2. Nf3 d6 3. c4 g6 4. Nc3 Bf5 5. Bg5 Ne4 6. Nxe4 Bxe4 7. Nd2 Bc6 8. e4 Bg7 9. d5 Bd7 10. Qb3 Na6 11. Be3 b6 12. Be2 0-0 13. 0-0 Nc5 14. Qc2 a5 15. Rab1 a4 16. f4 e6 17. b4 axb3 18. axb3 Ra3 19. Nf3 Qa8 20. Bd4 Ra2 21. Rb2 Bxd4+ 22. Nxd4 Rxb2 23. Qxb2 Nxe4 24. Bf3 exd5 25. cxd5 Qxd5 26. g4 c5 27. Ne2 Qd2 28. Qb1 Qe3+ 29. Kg2 Nd2 0-1

[Event "Xativa Murta op 2nd"]
[Site "Xativa"]
[Date "2016.08.23"]
[Round "3"]
[White "Reig Albero, Ferran"]
[Black "Garcia Amoros, Pablo"]
[Result "1/2-1/2"]
[WhiteElo "1993"]
[BlackElo "2175"]
[PlyCount "76"]
[EventDate "2016.08.22"]
[EventType "swiss"]
[EventRounds "9"]
[EventCountry "ESP"]
[SourceTitle "CBM 174 Extra"]
[Source "ChessBase"]
[SourceDate "2016.10.10"]
[SourceVersion "1"]
[SourceVersionDate "2016.10.10"]
[SourceQuality "1"]

1. e4 c5 2. Nf3 d6 3. d4 cxd4 4. Nxd4 Nf6 5. Nc3 a6 6. Be3 e5 7. Nb3 Be6 8. f3 Nbd7 9. Qd2 b5 10. 0-0-0 Rc8 11. Kb1 Be7 12. g4 Nb6 13. Qf2 Nfd7 14. Nd5 Bxd5 15. exd5 Nc4 16. f4 Qc7 17. Bd3 g6 18. g5 Nxe3 19. Qxe3 exf4 20. Qxf4 Ne5 21. Nd4 Bf8 22. Qf6 Rg8 23. Nxb5 Qb8 24. Rde1 axb5 25. Rhf1 Rc7 26. a4 bxa4 27. Rxe5+ dxe5 28. d6 Bxd6 29. Qxd6 Rb7 30. Qa3 Rb4 31. c3 Rf4 32. Rxf4 exf4 33. Qc5 Kd8 34. Qd5+ Ke7 35. Bc4 Rg7 36. Qc5+ Qd6 37. Qa7+ Qd7 38. Qc5+ Qd6 1/2-1/2

[Event "Benidorm op U2300 14th"]
[Site "Benidorm"]
[Date "2015.12.02"]
[Round "5"]
[White "Garcia Amoros, Pablo"]
[Black "Lopez del Alamo, Antonio"]
[Result "0-1"]
[WhiteElo "2161"]
[BlackElo "2224"]
[PlyCount "86"]
[EventDate "2015.11.28"]
[EventType "swiss"]
[EventRounds "10"]
[EventCountry "ESP"]
[SourceTitle "CBM 169 Extra"]
[Source "ChessBase"]
[SourceDate "2015.12.18"]
[SourceVersion "1"]
[SourceVersionDate "2015.12.18"]
[SourceQuality "1"]

1. d4 Nf6 2. c4 g6 3. Nc3 Bg7 4. e4 d6 5. Nf3 0-0 6. Be2 e5 7. 0-0 Nc6 8. d5 Ne7 9. b4 a5 10. Ba3 axb4 11. Bxb4 b6 12. a4 Re8 13. Nb5 Nxe4 14. a5 Ba6 15. axb6 cxb6 16. Qc2 Nc5 17. Bxc5 bxc5 18. Rab1 Bxb5 19. Rxb5 Nc8 20. Nd2 f5 21. Nb1 e4 22. Rb3 Nb6 23. Na3 Nd7 24. Nb5 Ne5 25. Rfb1 Nf7 26. Ra3 Rxa3 27. Nxa3 Qa5 28. Nb5 Ra8 29. Bf1 Bd4 30. Rd1 Be5 31. Rb1 Kg7 32. Rb3 Qd8 33. Ra3 Rxa3 34. Nxa3 Bd4 35. Nb5 Qe7 36. Qd1 Qe5 37. Nc7 e3 38. Ne6+ Kf6 39. Be2 exf2+ 40. Kh1 Qe3 41. g3 Qe4+ 42. Bf3 Qe1+ 43. Kg2 f1Q# 0-1

[Event "Xativa Murta op 1st"]
[Site "Xativa"]
[Date "2015.08.28"]
[Round "8"]
[White "Granero Roca, Antonio"]
[Black "Garcia Amoros, Pablo"]
[Result "1-0"]
[WhiteElo "2397"]
[BlackElo "2153"]
[PlyCount "85"]
[EventDate "2015.08.25"]
[EventType "swiss"]
[EventRounds "9"]
[EventCountry "ESP"]
[SourceTitle "EXT 2016"]
[Source "ChessBase"]
[SourceDate "2015.10.08"]
[SourceVersion "1"]
[SourceVersionDate "2015.10.08"]
[SourceQuality "1"]

1. d4 Nf6 2. c4 d6 3. Nf3 g6 4. Nc3 Bf5 5. g3 c6 6. Bg2 Bg7 7. 0-0 0-0 8. Nh4 Be6 9. d5 cxd5 10. cxd5 Bd7 11. Be3 Na6 12. Rc1 Qa5 13. Nf3 Rfc8 14. h3 Be8 15. Bd4 Nd7 16. Bxg7 Kxg7 17. Qd4+ Kg8 18. Qh4 Qd8 19. Ng5 Nf8 20. Rfd1 Qb6 21. Nge4 Rc7 22. Rd2 Kg7 23. g4 h6 24. g5 hxg5 25. Nxg5 Rac8 26. Qg3 Nb4 27. Rcd1 Nd7 28. h4 Nf6 29. Bf3 Bd7 30. h5 Rh8 31. hxg6 fxg6 32. Nce4 Nbxd5 33. Nxd6 Ne3 34. Qe5 Nf5 35. e4 exd6 36. Rxd6 Nxd6 37. Rxd6 Rc1+ 38. Kg2 Rh2+ 39. Qxh2 Qb5 40. e5 Nh5 41. Rxg6+ Kxg6 42. Qxh5+ Kg7 43. Qh7+ 1-0

[Event "Xativa Murta op 1st"]
[Site "Xativa"]
[Date "2015.08.26"]
[Round "3"]
[White "Garcia Amoros, Pablo"]
[Black "Reig Albero, Ferran"]
[Result "1-0"]
[WhiteElo "2153"]
[BlackElo "2067"]
[PlyCount "57"]
[EventDate "2015.08.25"]
[EventType "swiss"]
[EventRounds "9"]
[EventCountry "ESP"]
[SourceTitle "EXT 2016"]
[Source "ChessBase"]
[SourceDate "2015.10.08"]
[SourceVersion "1"]
[SourceVersionDate "2015.10.08"]
[SourceQuality "1"]

1. e4 d6 2. d4 Nf6 3. Nc3 g6 4. f4 Bg7 5. Nf3 0-0 6. Bd3 Na6 7. 0-0 c5 8. d5 Bg4 9. Bc4 Nd7 10. h3 Bxf3 11. Rxf3 Nb6 12. Bf1 c4 13. Be3 Nc5 14. Bd4 Bxd4+ 15. Qxd4 Rc8 16. e5 e6 17. Rd1 exd5 18. f5 dxe5 19. Qxe5 Nbd7 20. Qxd5 Nb6 21. Qe5 Qc7 22. Qe3 Ncd7 23. Ne4 Rfe8 24. f6 Nc5 25. Qh6 Ne6 26. h4 Nd7 27. Rxd7 Qxd7 28. Ng5 Qd4+ 29. Kh1 1-0

[Event "Andorra op 31st"]
[Site "La Massana"]
[Date "2013.07.23"]
[Round "4"]
[White "Garcia Amoros, Pablo"]
[Black "Sachdev, Tania"]
[Result "1/2-1/2"]
[WhiteElo "2159"]
[BlackElo "2430"]
[PlyCount "101"]
[EventDate "2013.07.20"]
[EventType "swiss"]
[EventRounds "9"]
[EventCountry "AND"]
[SourceTitle "CBM 155 Extra"]
[Source "ChessBase"]
[SourceDate "2013.08.26"]
[SourceVersion "1"]
[SourceVersionDate "2013.08.26"]
[SourceQuality "1"]

1. e4 e5 2. Nf3 Nc6 3. Bb5 a6 4. Bxc6 dxc6 5. 0-0 Qd6 6. d3 Ne7 7. Be3 c5 8. Nbd2 Nc6 9. Qe2 Be7 10. c3 0-0 11. Rfd1 Bg4 12. h3 Bh5 13. g4 Bg6 14. a3 f6 15. b4 cxb4 16. axb4 Qe6 17. Nh4 Rfd8 18. Nf5 Bf8 19. f3 Bf7 20. Bf2 g6 21. Ne3 Qe8 22. Nc2 Rd7 23. d4 exd4 24. Nxd4 Nxd4 25. Bxd4 Qe6 26. Rdb1 Qd6 27. Nf1 Rad8 28. Qh2 Qxh2+ 29. Kxh2 Bd6+ 30. Kg2 Be5 31. Bxe5 fxe5 32. b5 Rd3 33. bxa6 bxa6 34. Rxa6 Rxc3 35. Ra5 Rdd3 36. Rxe5 Rxf3 37. Re7 Kf8 38. Rd7 Rfd3 39. Rxd3 Rxd3 40. Rc1 Rd7 41. g5 Ke7 42. Ne3 Be6 43. Kg3 Rd3 44. Kf4 Kd6 45. h4 Rd2 46. Rd1 Rxd1 47. Nxd1 c5 48. Nc3 c4 49. Ne2 Bd7 50. Nc3 Be6 51. Ne2 1/2-1/2

[Event "Andorra op 31st"]
[Site "La Massana"]
[Date "2013.07.21"]
[Round "2"]
[White "Garcia Amoros, Pablo"]
[Black "Wegerle, Joerg"]
[Result "0-1"]
[WhiteElo "2159"]
[BlackElo "2445"]
[PlyCount "78"]
[EventDate "2013.07.20"]
[EventType "swiss"]
[EventRounds "9"]
[EventCountry "AND"]
[SourceTitle "CBM 155 Extra"]
[Source "ChessBase"]
[SourceDate "2013.08.26"]
[SourceVersion "1"]
[SourceVersionDate "2013.08.26"]
[SourceQuality "1"]

1. e4 c5 2. Nf3 Nc6 3. Bb5 Qb6 4. Nc3 e6 5. 0-0 Nge7 6. Re1 a6 7. Bf1 Ng6 8. b3 Be7 9. Bb2 0-0 10. e5 Qc7 11. Bd3 f5 12. exf6 Bxf6 13. Bxg6 hxg6 14. Na4 Nd4 15. Nxd4 cxd4 16. Ba3 d6 17. Nb2 b5 18. Nd3 e5 19. f4 Re8 20. Nf2 Bb7 21. Qg4 Qxc2 22. d3 exf4 23. Bxd6 g5 24. h4 Qc6 25. Ba3 Re3 26. Rac1 Qe8 27. Bb4 Bc8 28. Qd1 gxh4 29. Ne4 Bf5 30. Rxe3 dxe3 31. Nxf6+ gxf6 32. Rc7 e2 33. Qe1 Qe3+ 34. Qf2 Re8 35. Be1 Bxd3 36. Qxe3 Rxe3 37. Rc6 Be4 38. Rxf6 Rg3 39. Bxg3 hxg3 0-1

[Event "Valencia Autonomico Sur-A"]
[Site "Valencia"]
[Date "2009.02.07"]
[Round "5.3"]
[White "Gutierrez Lanzarote, Alfonso"]
[Black "Garcia Amoros, Pablo"]
[Result "0-1"]
[WhiteElo "1949"]
[BlackElo "2172"]
[PlyCount "84"]
[EventDate "2009.01.10"]
[EventType "team-tourn"]
[EventRounds "5"]
[EventCountry "ESP"]
[SourceTitle "EXT 2011"]
[Source "ChessBase"]
[SourceDate "2010.11.26"]
[SourceVersion "1"]
[SourceVersionDate "2010.11.26"]
[SourceQuality "1"]

1. d4 Nf6 2. c4 d6 3. Nc3 Nbd7 4. e4 e5 5. Nf3 Be7 6. Be2 c6 7. 0-0 Qc7 8. h3 Nf8 9. Be3 Ng6 10. Qc2 h6 11. Rad1 Bd7 12. c5 dxc5 13. dxe5 Nh7 14. Nd2 Qxe5 15. f4 Qc7 16. e5 Nh4 17. Bd3 g6 18. g4 h5 19. Nde4 hxg4 20. hxg4 Bxg4 21. Be2 Bf5 22. Qb3 b6 23. Nd6+ Bxd6 24. exd6 Qd7 25. Bf2 Nf6 26. Rfe1 Kf8 27. Qc4 Re8 28. Bxh4 Rxh4 29. b4 Be6 30. Qd3 Rxf4 31. Qe3 g5 32. Qe5 Rf5 33. Qh2 Kg7 34. bxc5 Rxc5 35. Qg3 Rh8 36. Rd2 Rh3 37. Qg2 Rhxc3 38. Rf1 Bh3 39. Qf2 Bxf1 40. Bxf1 Qg4+ 41. Kh1 Rh3+ 42. Bxh3 Qxh3+ 0-1

[Event "Calvia Amateur op 4th"]
[Site "Calvia"]
[Date "2007.10.13"]
[Round "8"]
[White "Cruz Alvarez de Ron, Dan"]
[Black "Garcia Amoros, Pablo"]
[Result "1-0"]
[WhiteElo "2231"]
[BlackElo "2157"]
[PlyCount "39"]
[EventDate "2007.10.06"]
[EventType "swiss"]
[EventRounds "9"]
[EventCountry "ESP"]
[SourceTitle "CBM 120 Extra"]
[Source "ChessBase"]
[SourceDate "2007.11.01"]
[SourceVersion "1"]
[SourceVersionDate "2007.11.01"]
[SourceQuality "1"]

1. Nf3 Nf6 2. c4 d6 3. g3 e5 4. d3 Be7 5. Bg2 0-0 6. 0-0 c6 7. Nc3 h6 8. b4 Be6 9. Qc2 Nbd7 10. b5 d5 11. bxc6 bxc6 12. Nd2 Nc5 13. Na4 Qc8 14. Ba3 Nfd7 15. cxd5 cxd5 16. Rfc1 Qe8 17. Nxc5 Nxc5 18. Bxc5 Rc8 19. Nb3 d4 20. Qd2 1-0

[Event "Calvia Amateur op 4th"]
[Site "Calvia"]
[Date "2007.10.11"]
[Round "6"]
[White "Pantin Soto, Jose Ramon"]
[Black "Garcia Amoros, Pablo"]
[Result "1-0"]
[WhiteElo "2231"]
[BlackElo "2157"]
[PlyCount "127"]
[EventDate "2007.10.06"]
[EventType "swiss"]
[EventRounds "9"]
[EventCountry "ESP"]
[SourceTitle "CBM 120 Extra"]
[Source "ChessBase"]
[SourceDate "2007.11.01"]
[SourceVersion "1"]
[SourceVersionDate "2007.11.01"]
[SourceQuality "1"]

1. d4 Nf6 2. Nf3 d6 3. Nbd2 g6 4. e4 Bg7 5. Bd3 0-0 6. 0-0 Nfd7 7. c3 c5 8. d5 Nf6 9. Re1 Nbd7 10. a4 Ne5 11. Nxe5 dxe5 12. a5 Ne8 13. c4 Bd7 14. b4 cxb4 15. Qb3 Rb8 16. Qxb4 a6 17. Bb2 Nd6 18. Nf3 f6 19. Bc3 Re8 20. Rab1 Bf8 21. Qa3 Rc8 22. Nd2 Qc7 23. Bb4 Bh6 24. Rec1 f5 25. exf5 gxf5 26. c5 Nb5 27. Bxb5 Bxb5 28. Qh3 Bg7 29. Qxf5 Rf8 30. Qe6+ Kh8 31. Ne4 Bd3 32. f3 Bxb1 33. Rxb1 Rcd8 34. c6 bxc6 35. Bxe7 cxd5 36. Bxd8 Qxd8 37. Nd6 Qc7 38. Qxd5 h6 39. Rd1 Rb8 40. h4 Qa7+ 41. Kh2 Qf2 42. Nf7+ Kh7 43. Qe4+ Kg8 44. Rd8+ Rxd8 45. Nxd8 Qd2 46. Ne6 Qd6 47. Qg6 Qe7 48. Kg3 Qf7 49. h5 Qxg6+ 50. hxg6 Bf6 51. Kg4 Be7 52. Kh5 Bb4 53. Nc7 Bxa5 54. Nxa6 Bd2 55. Nc5 Kg7 56. Ne4 Bc1 57. g4 Be3 58. Nd6 Bf4 59. Nf5+ Kg8 60. Nxh6+ Kg7 61. g5 Bd2 62. Nf5+ Kh8 63. Kh6 Bb4 64. g7+ 1-0

[Event "Valencia Autonomico-A"]
[Site "Valencia"]
[Date "2004.02.07"]
[Round "4.2"]
[White "Garcia Amoros, Pablo"]
[Black "Ibanez Aullana, Jose Ramon"]
[Result "1/2-1/2"]
[WhiteElo "2211"]
[BlackElo "2288"]
[PlyCount "78"]
[EventDate "2004.01.17"]
[EventType "team"]
[EventRounds "4"]
[EventCountry "ESP"]
[SourceTitle "CBM 098 Extra"]
[Source "ChessBase"]
[SourceDate "2004.03.10"]
[SourceVersion "2"]
[SourceVersionDate "2004.03.10"]
[SourceQuality "1"]

1. d4 Nf6 2. Nf3 g6 3. c4 Bg7 4. Nc3 0-0 5. e4 d6 6. Be2 Na6 7. 0-0 e5 8. Re1 Qe8 9. Bf1 Bg4 10. dxe5 dxe5 11. h3 Rd8 12. Qe2 Bd7 13. Be3 Ra8 14. Nd2 c6 15. a3 Nh5 16. f3 f5 17. c5 Be6 18. Nc4 Ng3 19. Qf2 f4 20. Nd6 Qe7 21. Bd2 Nxc5 22. Qxc5 Rfd8 23. Bxf4 Nxf1 24. Kxf1 Rxd6 25. Be3 b6 26. Qb4 Bf8 27. Qa4 Qf7 28. Qc2 Rd3 29. Kg1 Rxe3 30. Rxe3 Bc5 31. Kf2 Qd7 32. Qd1 Qd4 33. Qc1 a5 34. Ne2 Qd6 35. Ke1 Bxe3 36. Qxe3 b5 37. Qd2 Qxd2+ 38. Kxd2 Bc4 39. g3 g5 1/2-1/2

[Event "Benidorm Bali op-A"]
[Site "Benidorm"]
[Date "2003.11.21"]
[Round "1"]
[White "Plaza Pardo, Daniel"]
[Black "Garcia Amoros, Pablo"]
[Result "0-1"]
[WhiteElo "2091"]
[BlackElo "2211"]
[PlyCount "64"]
[EventDate "2003.11.21"]
[EventType "swiss"]
[EventRounds "9"]
[EventCountry "ESP"]
[SourceTitle "CBM 097 Extra"]
[Source "ChessBase"]
[SourceDate "2004.01.13"]
[SourceVersion "1"]
[SourceVersionDate "2004.01.13"]
[SourceQuality "1"]

1. e4 c5 2. Nf3 e6 3. d4 cxd4 4. Nxd4 Nc6 5. Be3 Nf6 6. Bd3 d5 7. Nxc6 bxc6 8. e5 Nd7 9. f4 Bc5 10. Bxc5 Nxc5 11. Nc3 0-0 12. Qd2 f6 13. 0-0 Qb6 14. Kh1 Qxb2 15. a4 Qb8 16. Rab1 Qc7 17. Rbe1 Nxd3 18. Qxd3 a5 19. exf6 Ba6 20. Qe3 Bxf1 21. Qxe6+ Qf7 22. fxg7 Kxg7 23. Qxf7+ Rxf7 24. Rxf1 Rb8 25. g4 Rb4 26. Ne2 Rxa4 27. Kg2 Ra2 28. Rc1 Rb7 29. Kf3 Rbb2 30. Nd4 c5 31. Ne6+ Kf7 32. Ng5+ Kg6 0-1

[Event "Cullera op U2300 24th"]
[Site "Cullera"]
[Date "2003.07.22"]
[Round "6"]
[White "Andres Julia, Vicente Ramon"]
[Black "Garcia Amoros, Pablo"]
[Result "0-1"]
[WhiteElo "2055"]
[BlackElo "2184"]
[PlyCount "96"]
[EventDate "2003.07.17"]
[EventType "swiss"]
[EventRounds "9"]
[EventCountry "ESP"]
[SourceTitle "CBM 095 Extra"]
[Source "ChessBase"]
[SourceDate "2003.09.04"]
[SourceVersion "1"]
[SourceVersionDate "2003.09.04"]
[SourceQuality "1"]

1. e4 c5 2. Nc3 Nc6 3. Nf3 e6 4. d4 cxd4 5. Nxd4 Qc7 6. Be3 Nf6 7. Bd3 a6 8. Nb3 d6 9. 0-0 Be7 10. f4 0-0 11. Qf3 b5 12. Qh3 g6 13. g4 Nb4 14. a3 Nxd3 15. cxd3 Nd7 16. f5 Bb7 17. Bd4 Qd8 18. Qh6 Ne5 19. Qh3 exf5 20. gxf5 Rc8 21. Rf2 Bh4 22. Rg2 Bf6 23. Rf1 Bg7 24. Rgf2 f6 25. fxg6 hxg6 26. Qe6+ Rf7 27. Rg2 Rc6 28. Na5 Qxa5 29. Bxe5 dxe5 30. Qe8+ Rf8 31. Qxg6 Qb6+ 32. Kh1 Rc7 33. Rfg1 Rff7 34. h4 Kf8 35. h5 Qe3 36. Rh2 Qh6 37. Qf5 Bc8 38. Qf2 f5 39. Rg6 Qc1+ 40. Rg1 Qh6 41. Rg6 Qf4 42. Qxf4 exf4 43. h6 Bxc3 44. bxc3 fxe4 45. dxe4 Bb7 46. Re6 Rce7 47. Rb6 Bxe4+ 48. Kg1 Bd3 0-1